00897nam a22001815i 4500001000700000003000900007005001700016008004100033080002100074100003100095245016500126250001200291260006300303300002100366852018200387999001900569952012700588173814ES-MaACL20230906215343.0100122s1841 sp |||| | spa d a821.134.2-22"18"1 aGrimaldi, Juan de.914200810aTodo lo vence el amor, ó la pata de cabra b: melo-mimo-drama mitológico-burlesco de magia y de grande espectáculo en tres actos / cpor Juan de Grimaldi. a3ª ed. aMadrid : b[Manuel Delgado], c1841 (fImp. de Repullés) a60 p. ; c17 cm. aES-MaACLjF-8616(9) z.- Enc. pasta española q.- Falto de la cub. originalz.- Enc. en un vol. facticio formando parte de la col. facticia "Teatro español moderno", vol. 71 c173814d173814 001040708LIBXIXaATENEOMbATENEOMcSPP2d2010-01-22eSCl0oF-8616(9)p1182445r2023-02-23 00:00:00w2023-02-23yMONANT